Top 10 Countries With The Most Islands - Statistics

General Stats
  • This quiz has been taken 94 times
  • The average score is 9 of 10
Answer Stats
# Islands Answer % Correct
17,500 Indonesia
100%
52,500 Canada
96%
7,100 Philippines
96%
6,850 Japan
90%
55,000 Norway
87%
188,000 Finland
79%
221,800 Sweden
79%
8,200 Australia
78%
6,290 United Kingdom
78%
6,000+ Greece
76%
No matching quizzes found
Score Distribution
Percent of People with Each Score
Percentile by Number Answered
Your Score History
You have not taken this quiz